Népnevelők könyvtára szerkeszti Peres Sándor, kiadja Lampel R. (Wodianer F. és Fiai.) eddig I—VII. füzet, 1900—1901. : [könyvismertetés] /

Elmentve itt :
Bibliográfiai részletek
Szerző: Schön József
További közreműködők: Peres Sándor
Dokumentumtípus: Cikk
Megjelent: 1901
Sorozat:Magyar pedagógia : a Magyar Tudományos Akadémia Pedagógiai Bizottságának folyóirata 10
Kulcsszavak:Szakkönyv pedagógiai 1900-1901, Pedagógiai szakkönyvek
Online Access:http://misc.bibl.u-szeged.hu/7702
LEADER 00834nab a2200193 i 4500
001 misc7702
005 20191106144105.0
008 170607s1901 hu o 0|| hun d
022 |a 0025-0260 
040 |a SZTE Miscellanea Repozitórium  |b hun 
041 |a hun 
100 1 |a Schön József 
245 1 0 |a Népnevelők könyvtára   |h [elektronikus dokumentum] :  |b szerkeszti Peres Sándor, kiadja Lampel R. (Wodianer F. és Fiai.) eddig I—VII. füzet, 1900—1901. : [könyvismertetés] /  |c  Schön József 
260 |c 1901 
300 |a 307-309 
490 0 |a Magyar pedagógia : a Magyar Tudományos Akadémia Pedagógiai Bizottságának folyóirata  |v 10 
695 |a Szakkönyv pedagógiai 1900-1901, Pedagógiai szakkönyvek 
700 0 1 |a Peres Sándor 
856 4 0 |u http://misc.bibl.u-szeged.hu/7702/1/mp_1901_0743_307-309.pdf  |z Dokumentum-elérés